|
|
|
|
| LEADER |
00000nab a2200000 a 4500 |
| 001 |
vtls000747890 |
| 003 |
SK-MaSNL |
| 005 |
20260304030519.0 |
| 008 |
160405c2000 xo 0 eng |
| 015 |
|
|
|a SNBRB2001/04-09791
|
| 035 |
|
|
|a CLN000099718
|
| 040 |
|
|
|a SNKBUCL
|b slo
|c SNKBUCL
|e AACR2
|
| 041 |
0 |
|
|a eng
|
| 044 |
|
|
|a xo
|c SK
|
| 080 |
|
|
|a 616.62-055.2-089
|2 1997
|
| 100 |
1 |
|
|a Hübner, W.A.
|4 aut
|9 1308903
|
| 245 |
1 |
0 |
|a Orthotopic bladder replacement in the Female, experience with six cases over up to seven years
|c W.A. Hübner
|
| 650 |
0 |
7 |
|a cystektómia
|2 SNKPH
|9 18209
|
| 650 |
0 |
7 |
|a ženy
|2 SNKPH
|9 4865
|
| 650 |
0 |
7 |
|a močový mechúr
|2 SNKPH
|9 70115
|
| 650 |
0 |
7 |
|a chirurgia
|2 SNKPH
|9 2178
|
| 650 |
0 |
7 |
|a protézy
|2 SNKPH
|9 29055
|
| 650 |
0 |
7 |
|a implantáty
|2 SNKPH
|9 29056
|
| 655 |
|
7 |
|a články z novín a časopisov
|2 SNK
|9 267496
|
| 710 |
2 |
|
|a Slovenská urologická spoločnosť.
|b Kongres
|n (13. :
|d 2000 :
|c Štrbské Pleso, Slovensko)
|4 aut
|9 105690
|
| 773 |
0 |
|
|x 1335-3071
|t Urológia
|g Roč. 6, č. 1 (2000), s. 7
|
| 850 |
|
|
|a Slovenská národná knižnica v Martine
|
| 852 |
|
|
|a SNK
|b KIS3GCP
|
| 958 |
|
|
|a MI
|
| 958 |
|
|
|a RBX
|
| 999 |
|
|
|c 2634430
|d 2636360
|